[Event "Online Olym Div2 E 2021"]
[Site "chess.com INT"]
[Date "2021.09.02"]
[Round "3.4"]
[Board "1"]
[White "Christie, Joshua"]
[Black "Garcia Cardenas, Pablo"]
[Result "1/2-1/2"]
[WhiteTitle "FM"]
[BlackTitle "IM"]
[WhiteElo "2206"]
[BlackElo "2422"]
[WhiteTeam "Jamaica"]
[BlackTeam "Chile"]
[WhiteFideId "7402074"]
[BlackFideId "3406903"]
[EventDate "2021.09.02"]
[EventType "team"]

1. d4 d5 2. c4 e6 3. Nc3 Be7 4. cxd5 exd5 5. Bf4 c6 6. e3 Bd6 7. Bg3 Bf5 8. Qb3
Bxg3 9. hxg3 Qb6 10. Qa3 a5 11. Na4 Qc7 12. Bd3 Bxd3 13. Qxd3 Nf6 14. Nf3 Nbd7
15. Rc1 Ne4 16. Nd2 f5 17. Qb3 Rc8 18. Nxe4 fxe4 19. Nc5 Nxc5 20. dxc5 O-O 21.
Qc3 Rf6 22. Rc2 Rcf8 23. Rd2 R6f7 24. Re2 Rf6 25. Rd2 Rf5 26. Re2 h6 27. Qd2 Kh7
28. Qc3 R8f7 29. Qd2 R5f6 30. Qc3 Rf8 31. Qd2 Rb8 32. Rh4 g5 33. Rh1 Rbf8 34.
Qc3 Kg6 35. Qd4 R8f7 36. Qc3 h5 37. Qd4 Rh7 38. Kd2 Qf7 39. Ke1 Rh8 40. Qe5 Rf8
41. Rf1 Qd7 42. Qc3 Qc7 43. Qd4 R6f7 44. Qc3 h4 45. gxh4 gxh4 46. Rh1 Kg5 47.
Qd4 Rf5 48. Qc3 R8f6 49. Rh3 Qf7 50. Qd2 Kg4 51. Qc2 Qe7 52. Rd2 Kg5 53. g3 hxg3
54. Rxg3+ Kh6 55. Qd1 Rf3 56. Rxf3 Rxf3 57. Qe2 Qxc5 58. Rc2 Qb4+ 59. Kd1 Qe7
60. Qf1 Qg5 61. Rd2 Qh5 62. Kc2 Qh2 63. a3 Kg5 64. Re2 Kf6 65. Rd2 Ke6 66. b4
axb4 67. axb4 Kd6 68. b5 Kc7 69. bxc6 bxc6 70. Qa6 Rxf2 71. Qa7+ Kc8 72. Qa8+
Kc7 73. Qa7+ Kc8 74. Qa8+ Kc7 75. Qa7+ 1/2-1/2

[Event "Online Olym Div2 E 2021"]
[Site "chess.com INT"]
[Date "2021.09.02"]
[Round "3.4"]
[Board "2"]
[White "Abarca Gonzalez, Nicolas"]
[Black "Lorne, Ras Malaku"]
[Result "1/2-1/2"]
[WhiteTitle "IM"]
[BlackTitle "FM"]
[WhiteElo "2412"]
[BlackElo "2117"]
[WhiteTeam "Chile"]
[BlackTeam "Jamaica"]
[WhiteFideId "3409422"]
[BlackFideId "7400330"]
[EventDate "2021.09.02"]
[EventType "team"]

1. e4 c6 2. d4 d5 3. exd5 cxd5 4. c4 Nc6 5. Nc3 Nf6 6. cxd5 Nxd5 7. Nf3 g6 8. h4
Bg7 9. h5 Bg4 10. hxg6 hxg6 11. Rxh8+ Bxh8 12. Qb3 Bxf3 13. gxf3 Nxd4 14. Qxd5
Qxd5 15. Nxd5 O-O-O 16. Bh3+ f5 17. Ne3 Kb8 18. Kf1 e5 19. Bd2 Nxf3 20. Bc3 e4
21. Bxh8 Rxh8 22. Bg2 Nh4 23. Rd1 g5 24. Rd5 Rf8 25. Bh1 Kc7 26. Ke2 Kc6 27.
Rxf5 Nxf5 28. Bxe4+ Kc5 29. Nxf5 b5 30. Kf3 Re8 31. Ng3 Kd4 32. Bf5 Re1 33. Kg4
Ra1 34. Be6 Rb1 35. Kxg5 Rxb2 36. f4 Rg2 37. Kg4 b4 38. Kf3 Rh2 39. Ne2+ Kd3 40.
f5 Rxe2 41. Bc4+ Kxc4 42. Kxe2 Kd5 43. Kd3 a5 44. f6 Ke6 45. Kc4 Kxf6 46. Kb5
Ke6 47. Kxa5 Kd6 48. Kxb4 Kc6 49. a4 Kb6 50. a5+ Ka6 51. Ka4 Ka7 52. Kb5 Kb7 53.
a6+ Ka7 54. Ka5 Ka8 55. Kb6 Kb8 56. a7+ Ka8 57. Ka6 1/2-1/2

[Event "Online Olym Div2 E 2021"]
[Site "chess.com INT"]
[Date "2021.09.02"]
[Round "3.4"]
[Board "3"]
[White "Miller, Rachel"]
[Black "Morales Flores, Monserrat"]
[Result "0-1"]
[WhiteTitle "CM"]
[BlackTitle "WCM"]
[WhiteElo "2004"]
[BlackElo "1953"]
[WhiteTeam "Jamaica"]
[BlackTeam "Chile"]
[WhiteFideId "7401302"]
[BlackFideId "3412016"]
[EventDate "2021.09.02"]
[EventType "team"]

1. e4 c5 2. Nf3 e6 3. d4 cxd4 4. Nxd4 a6 5. Bd3 Nf6 6. Qe2 d6 7. O-O Qc7 8. c4
Nc6 9. Nxc6 bxc6 10. Nc3 Be7 11. f4 Nd7 12. Be3 O-O 13. Rad1 Bb7 14. Bb1 Rad8
15. Qc2 g6 16. f5 exf5 17. exf5 Rfe8 18. fxg6 fxg6 19. Qf2 Rf8 20. Qg3 Ne5 21.
Bf4 Bf6 22. Ne4 Bg7 23. c5 dxc5 24. Rxd8 Rxd8 25. Nxc5 Bc8 26. a3 Qe7 27. Ba2+
Kh8 28. b4 a5 29. Bg5 Qe8 30. Bxd8 Qxd8 31. Qb3 axb4 32. axb4 h6 33. h3 Kh7 34.
Rd1 Qf8 35. Ne6 Bxe6 36. Qxe6 Qa8 37. Re1 h5 38. Bb3 Nd3 39. Rf1 Qa7+ 40. Kh2
Qc7+ 41. g3 Ne5 42. h4 Ng4+ 43. Kh3 Qa7 44. Qxc6 Qe3 45. Qf3 Qd2 46. Bd5 Qh2# 0-1

[Event "Online Olym Div2 E 2021"]
[Site "chess.com INT"]
[Date "2021.09.02"]
[Round "3.4"]
[Board "4"]
[White "Reyes Jara, Paula"]
[Black "Clarke, Adani"]
[Result "1-0"]
[WhiteTitle "WFM"]
[BlackTitle "WCM"]
[WhiteElo "1871"]
[BlackElo "1811"]
[WhiteTeam "Chile"]
[BlackTeam "Jamaica"]
[WhiteFideId "3403920"]
[BlackFideId "7402082"]
[EventDate "2021.09.02"]
[EventType "team"]

1. e4 e6 2. d4 d5 3. Nc3 Bb4 4. e5 c5 5. a3 cxd4 6. axb4 dxc3 7. Qg4 cxb2 8.
Bxb2 Kf8 9. Nf3 Nh6 10. Qf4 Nc6 11. Bd3 Ne7 12. Ng5 Ng6 13. Nxh7+ Rxh7 14. Bxg6
Rh8 15. O-O Bd7 16. Bd4 b6 17. Ra3 Nf5 18. Bxf5 exf5 19. Rfa1 Rh4 20. Qd2 Qc7
21. f4 Qb7 22. Qf2 Rg4 23. h3 Rg6 24. Kh2 a6 25. R1a2 Rc6 26. Qe2 Rc4 27. c3 g6
28. Qf3 Bb5 29. Qf2 Rb8 30. Qh4 Kg8 31. Qf6 Qc6 32. e6 Rxd4 33. exf7+ Kh7 34.
Qxd4 Qd7 35. Rd2 Bc4 36. Qe5 Rf8 37. Qf6 Qc7 38. Qh4+ Kg7 39. Qg5 Rxf7 40. Ra1
Re7 41. Qg3 Re6 42. Re1 Qe7 43. Rxe6 Qxe6 44. Qf2 Qd6 45. Qd4+ Qf6 46. Kg3 Qxd4
47. Rxd4 Kf6 48. Kf2 Ke6 49. Ke3 Bf1 50. Rd2 Bc4 51. g4 fxg4 52. hxg4 Kf6 53.
Kd4 Ke6 54. Rh2 Kf6 55. Ke3 a5 56. bxa5 bxa5 57. Rh1 a4 58. Ra1 Bb3 59. Kd4 Ke6
60. Kc5 Kf6 61. Kb4 g5 62. f5 Bc4 63. Rxa4 Be2 64. Kc5 Bf3 65. Kd6 Be4 66. Rd4
Bf3 67. Kc5 Be4 68. Kb4 Ke5 69. Rxe4+ dxe4 70. Kb3 Kf4 71. f6 e3 72. f7 e2 73.
f8=Q+ Ke3 74. Qe7+ Kf2 75. c4 e1=Q 76. Qxe1+ Kxe1 77. c5 Kf2 78. c6 Kg3 79. c7
Kxg4 80. c8=Q+ Kg3 81. Qc3+ Kf4 82. Qd2+ Kg4 83. Qg2+ Kf4 84. Kc3 g4 85. Kd3 1-0

[Event "Online Olym Div2 E 2021"]
[Site "chess.com INT"]
[Date "2021.09.02"]
[Round "3.4"]
[Board "5"]
[White "Glaves, Raheem"]
[Black "Castellanos Villela, Alejandro"]
[Result "1-0"]
[WhiteTitle "FM"]
[BlackTitle "CM"]
[WhiteElo "2139"]
[BlackElo "2202"]
[WhiteTeam "Jamaica"]
[BlackTeam "Chile"]
[WhiteFideId "7402724"]
[BlackFideId "3446379"]
[EventDate "2021.09.02"]
[EventType "team"]

1. d4 Nf6 2. Nf3 e6 3. Bf4 c5 4. e3 Qb6 5. Nc3 cxd4 6. exd4 a6 7. Rb1 d5 8. Be2
Nbd7 9. O-O Bd6 10. Ne5 Qc7 11. Bf3 O-O 12. Qe2 b5 13. a3 Bb7 14. Bg3 Qb6 15.
Qe3 Rac8 16. Nxd7 Nxd7 17. Bxd6 Qxd6 18. Rfe1 Rc7 19. Qd3 Rfc8 20. Ne2 Rxc2 21.
Nc3 R2xc3 22. bxc3 Qxa3 23. Rec1 Nb6 24. Bd1 g6 25. h4 Qd6 26. h5 Bc6 27. h6 Qf4
28. Qh3 Bd7 29. g3 Qd6 30. Qh4 Qf8 31. Ra1 Ra8 32. Be2 f6 33. Rd1 Kf7 34. Rd3
Qe7 35. Rf3 Nc8 36. Bd3 Nd6 37. Re1 a5 38. Rf4 a4 39. g4 a3 40. Ra1 Be8 41.
Bxg6+ Kg8 42. Bxe8 Nxe8 43. Rf3 Ra6 44. Kg2 a2 45. Qh1 Nd6 46. Qc1 Nc4 47. Qc2
Qf8 48. Rxa2 Rxa2 49. Qxa2 Qxh6 50. Qa8+ Kg7 51. g5 Qg6 52. Qb7+ Kg8 53. Qc8+
Kg7 54. Qd7+ Qf7 55. gxf6+ Kf8 56. Qc8+ Qe8 57. Qc5+ Kf7 58. Qc7+ Kg6 59. f7 Qf8
60. Qg3+ Kh6 61. Qg8 Qxf7 62. Rxf7 1-0

[Event "Online Olym Div2 E 2021"]
[Site "chess.com INT"]
[Date "2021.09.02"]
[Round "3.4"]
[Board "6"]
[White "Rozas Lazcano, Valeska"]
[Black "Brown, Raehanna"]
[Result "0-1"]
[BlackTitle "WCM"]
[WhiteElo "1399"]
[BlackElo "1594"]
[WhiteTeam "Chile"]
[BlackTeam "Jamaica"]
[WhiteFideId "3438910"]
[BlackFideId "7402740"]
[EventDate "2021.09.02"]
[EventType "team"]

1. e4 c5 2. Nc3 Nc6 3. Bb5 g6 4. Bxc6 bxc6 5. f4 Bg7 6. Nf3 e6 7. d3 d6 8. O-O
Ne7 9. Qe1 O-O 10. e5 Nf5 11. Ne4 dxe5 12. fxe5 Nd4 13. Rf2 Nxf3+ 14. Rxf3 Bxe5
15. c3 Bg7 16. Kh1 c4 17. dxc4 Rb8 18. b4 Ba6 19. c5 Bc4 20. Nd6 Bd5 21. Rf1
Rxb4 22. Bg5 Qxg5 23. Qf2 Rf4 24. Qg3 Rxf1+ 25. Rxf1 Qxg3 26. hxg3 Bxc3 27. Rb1
Bd4 28. Rc1 Rb8 29. Rf1 f5 30. Rc1 Rb2 0-1

[Event "Online Olym Div2 E 2021"]
[Site "chess.com INT"]
[Date "2021.09.02"]
[Round "3.5"]
[Board "1"]
[White "Juarez Flores, Carlos A."]
[Black "Mieles Palau, Daniel"]
[Result "1-0"]
[WhiteTitle "IM"]
[BlackTitle "IM"]
[WhiteElo "2374"]
[BlackElo "2364"]
[WhiteTeam "Guatemala"]
[BlackTeam "Ecuador"]
[WhiteFideId "7300018"]
[BlackFideId "3600467"]
[EventDate "2021.09.02"]
[EventType "team"]

1. e4 c5 2. Nf3 Nc6 3. d4 cxd4 4. Nxd4 Nf6 5. Nc3 e5 6. Ndb5 d6 7. Bg5 a6 8.
Bxf6 gxf6 9. Na3 b5 10. Nd5 f5 11. Bxb5 axb5 12. Nxb5 Ra4 13. Nbc7+ Kd7 14. O-O
Qg5 15. c4 Rg8 16. g3 Ra7 17. Nb5 Ra6 18. c5 fxe4 19. Nxd6 Bxd6 20. Nb6+ Kc7 21.
Qxd6+ Kb7 22. Qd5 Be6 23. Qxe4 Qg4 24. Qe3 Nd4 25. f3 Qf5 26. Rac1 Rxa2 27. Rf2
Rd8 28. Qc3 Nc6 29. Nc4 Bxc4 30. Qxc4 Ra5 31. b4 Raa8 32. Qb5+ Kc7 33. Qb6+ Kd7
34. Qb7+ Ke8 35. Qxc6+ Kf8 36. Qe4 Qg5 37. f4 Qg4 38. Qxe5 Ra3 39. Qh8+ Ke7 40.
Re1+ 1-0

[Event "Online Olym Div2 E 2021"]
[Site "chess.com INT"]
[Date "2021.09.02"]
[Round "3.5"]
[Board "2"]
[White "Noboa Silva, Kevin"]
[Black "Lorenzana, Wilson Estuardo"]
[Result "1-0"]
[WhiteTitle "FM"]
[BlackTitle "IM"]
[WhiteElo "2331"]
[BlackElo "2220"]
[WhiteTeam "Ecuador"]
[BlackTeam "Guatemala"]
[WhiteFideId "3618471"]
[BlackFideId "7300239"]
[EventDate "2021.09.02"]
[EventType "team"]

1. d4 Nf6 2. c4 g6 3. Nc3 Bg7 4. e4 O-O 5. h3 d6 6. Bg5 a5 7. Bd3 Na6 8. Nge2 e5
9. d5 Qe8 10. Qd2 Nd7 11. g4 Ndc5 12. Bb1 f6 13. Be3 Bd7 14. Ng3 Rf7 15. f3 a4
16. h4 b5 17. h5 g5 18. h6 Bf8 19. cxb5 Bxb5 20. Kf2 Rb8 21. Kg2 Kh8 22. Nf5 Qc8
23. Kg3 Qb7 24. Rh2 Bd7 25. Bd3 Qb4 26. Bxa6 Nxa6 27. Rc1 Rb7 28. Qd3 Qa5 29.
Nb1 Nb4 30. Qd2 Qa6 31. Na3 Nd3 32. Rc2 Nf4 33. Rh1 Be7 34. Rhc1 Bd8 35. Nc4 Rf8
36. Qa5 Bb5 37. Qxa6 Bxa6 38. Na5 Rb8 39. Nc6 Ra8 40. Bxf4 gxf4+ 41. Kf2 Bd3 42.
Rc3 Bb5 43. Nxd8 Raxd8 44. Rxc7 Be8 45. Rb7 Bg6 46. Rcc7 Rc8 47. Nxd6 Rxc7 48.
Rxc7 Rb8 49. Rc8+ Rxc8 50. Nxc8 Kg8 51. Ne7+ Kf7 52. Nxg6 1-0

[Event "Online Olym Div2 E 2021"]
[Site "chess.com INT"]
[Date "2021.09.02"]
[Round "3.5"]
[Board "3"]
[White "Mazariegos, Silvia Carolina"]
[Black "Fierro Baquero, Martha L."]
[Result "0-1"]
[WhiteTitle "WIM"]
[BlackTitle "IM"]
[WhiteElo "1933"]
[BlackElo "2359"]
[WhiteTeam "Guatemala"]
[BlackTeam "Ecuador"]
[WhiteFideId "7300115"]
[BlackFideId "3600270"]
[EventDate "2021.09.02"]
[EventType "team"]

1. d4 g6 2. e3 Bg7 3. Nd2 d6 4. f4 e5 5. Ngf3 Nc6 6. c3 Nf6 7. Bb5 Bd7 8. O-O e4
9. Ng5 Qe7 10. g3 O-O 11. Kg2 a6 12. Be2 Nd5 13. Nb3 h6 14. Nh3 a5 15. c4 Nf6
16. a3 a4 17. Nd2 d5 18. Nf2 Be6 19. h3 Rfe8 20. g4 dxc4 21. Bxc4 Nd5 22. Re1 f5
23. gxf5 gxf5 24. Kh2 Qh4 25. Qe2 Kh8 26. Rg1 Rg8 27. Nf1 Nxf4 28. Qe1 Nxh3 0-1

[Event "Online Olym Div2 E 2021"]
[Site "chess.com INT"]
[Date "2021.09.02"]
[Round "3.5"]
[Board "4"]
[White "Ortiz Verdezoto, Anahi"]
[Black "Diaz, Luisa"]
[Result "1-0"]
[WhiteTitle "WIM"]
[WhiteElo "1982"]
[BlackElo "1739"]
[WhiteTeam "Ecuador"]
[BlackTeam "Guatemala"]
[WhiteFideId "3614581"]
[BlackFideId "7300948"]
[EventDate "2021.09.02"]
[EventType "team"]

1. d4 d5 2. c4 Nf6 3. Nc3 g6 4. cxd5 Nxd5 5. e4 Nxc3 6. bxc3 Bg7 7. Nf3 O-O 8.
Be2 b6 9. O-O Bb7 10. Qc2 Nd7 11. Be3 Nf6 12. Bd3 Rc8 13. Rad1 c6 14. h3 Qc7 15.
Qd2 Rfd8 16. Bf4 Qd7 17. Rfe1 Nh5 18. Be5 c5 19. Bxg7 Kxg7 20. Ne5 Qd6 21. Bc4
Qf6 22. Nxf7 Rf8 23. Qh6+ Kg8 24. Ng5+ Kh8 25. Qxh7# 1-0

[Event "Online Olym Div2 E 2021"]
[Site "chess.com INT"]
[Date "2021.09.02"]
[Round "3.5"]
[Board "5"]
[White "Molina Hun, Hieysson"]
[Black "Jaramillo Arce, David"]
[Result "0-1"]
[WhiteElo "1506"]
[BlackElo "1970"]
[WhiteTeam "Guatemala"]
[BlackTeam "Ecuador"]
[WhiteFideId "7303009"]
[BlackFideId "3610004"]
[EventDate "2021.09.02"]
[EventType "team"]

1. d4 Nf6 2. c4 e6 3. Nf3 b6 4. g3 Bb7 5. Bg2 Bb4+ 6. Bd2 Be7 7. Nc3 O-O 8. O-O
c5 9. e3 d6 10. Qc2 Nbd7 11. Rfe1 a6 12. Rad1 Qc7 13. b3 Rac8 14. e4 cxd4 15.
Nxd4 Rfe8 16. Qd3 Qb8 17. Bc1 Qa8 18. f3 Bd8 19. Ba3 Bc7 20. Nc2 Nc5 21. Bxc5
dxc5 22. e5 Rcd8 23. Qe3 Nd7 24. Qg5 Bxf3 25. Bxf3 Qxf3 26. Re3 Qa8 27. Rf1 Qb8
28. Rfe1 Nf8 29. h4 h6 30. Qg4 Re7 31. Nd1 Ng6 32. Qh5 Rd2 33. Na1 Red7 34. Nf2
Rxa2 35. Nh3 Rdd2 36. Nf4 Nxf4 37. gxf4 Rg2+ 38. Kh1 Rh2+ 39. Kg1 Rag2+ 40. Kf1
Rf2+ 41. Kg1 Qb7 42. Re4 Rfg2+ 43. Kf1 Rg6 44. Qf3 Rxh4 45. f5 Rxe4 46. Rxe4
exf5 47. Qxf5 Qc6 48. Rf4 Qe6 49. Qe4 Qxe5 50. Qa8+ Kh7 51. Rxf7 Qxa1+ 52. Kf2
Qd4+ 53. Ke2 Qe5+ 54. Kf2 Qg3+ 55. Ke2 Re6+ 56. Kd2 Bf4+ 57. Kd1 Qd3# 0-1

[Event "Online Olym Div2 E 2021"]
[Site "chess.com INT"]
[Date "2021.09.02"]
[Round "3.5"]
[Board "6"]
[White "Miranda Vargas, Analia Karen"]
[Black "Santiago Sontay, Jenny Fernanda"]
[Result "1-0"]
[WhiteElo "1587"]
[BlackElo "1708"]
[WhiteTeam "Ecuador"]
[BlackTeam "Guatemala"]
[WhiteFideId "3632393"]
[BlackFideId "7303084"]
[EventDate "2021.09.02"]
[EventType "team"]

1. e4 e6 2. d4 d5 3. Bd3 c5 4. dxc5 dxe4 5. Bb5+ Bd7 6. Nc3 Nf6 7. Qe2 Bxc5 8.
Bxd7+ Nbxd7 9. Nxe4 Nxe4 10. Qxe4 Qb6 11. Nh3 Kf8 12. O-O h6 13. Nf4 Nf6 14. Qf3
Rc8 15. Nd3 Bd6 16. Qe2 Qc7 17. h3 Qxc2 18. Qf3 Qc6 19. Bf4 Ke7 20. Bxd6+ Qxd6
21. Qxb7+ Rc7 22. Qb3 Rhc8 23. Rfd1 Qb6 24. Qa3+ Ke8 25. Rac1 Nd5 26. Rxc7 Rxc7
27. Qa4+ Ke7 28. Qh4+ Nf6 29. Qg3 Kf8 30. Ne5 Nd5 31. b3 Kg8 32. Nc4 Qc6 33. Qh4
Rc8 34. Qd4 Qc5 35. Qd3 Qc7 36. Qf3 Qc5 37. Rd3 Qc7 38. Qg4 Nb4 39. Rg3 g6 40.
a3 Nd5 41. h4 Nf4 42. Re3 h5 43. Qg5 Nd5 44. Rf3 Ne7 45. Ne5 Nf5 46. Qf6 Rf8 47.
Nc4 Rd8 48. g3 Rd1+ 49. Kg2 Rd5 50. Ne3 Nxe3+ 51. Rxe3 Qd7 52. b4 a5 53. Qc3 Qb7
54. Kh2 axb4 55. axb4 Rb5 56. Rd3 Qb8 57. Rd4 Kh7 58. Rc4 Qe5 59. Qxe5 Rxe5 60.
Rc5 Re2 61. Kg2 Rb2 62. Rb5 Rb3 63. Rb7 Kg7 64. Kf1 e5 65. Ke2 Rb2+ 66. Kf3 Kf6
67. b5 Ke6 68. Ke3 f6 69. Rb8 Kf5 70. b6 e4 71. b7 Rb4 72. Ke2 Rb6 73. Kd2 Rb2+
74. Ke3 Rb6 75. Kd4 Rb2 76. Kc3 Rb1 77. Kd4 Rb4+ 78. Kc3 Rb6 79. Kc4 Rb2 80. Kd4
Rb4+ 81. Kd5 Rb2 82. Kc6 Rc2+ 83. Kb6 Rb2+ 84. Kc7 Rc2+ 85. Kd6 Rd2+ 86. Ke7 Rb2
87. Kf7 Rxf2 88. Rc8 Rb2 89. b8=Q Rxb8 90. Rxb8 1-0

[Event "Online Olym Div2 E 2021"]
[Site "chess.com INT"]
[Date "2021.09.03"]
[Round "4.1"]
[Board "1"]
[White "Arenas, David"]
[Black "Mieles Palau, Daniel"]
[Result "1/2-1/2"]
[WhiteTitle "GM"]
[BlackTitle "IM"]
[WhiteElo "2455"]
[BlackElo "2364"]
[WhiteTeam "Colombia"]
[BlackTeam "Ecuador"]
[WhiteFideId "4403177"]
[BlackFideId "3600467"]
[EventDate "2021.09.02"]
[EventType "team"]

1. e4 c5 2. Nf3 Nc6 3. Nc3 e5 4. Bc4 Be7 5. d3 d6 6. Nd2 Nf6 7. Nf1 O-O 8. Ne3
Nd7 9. a4 Nb6 10. O-O Kh8 11. Ncd5 Bg5 12. Nxb6 axb6 13. Nd5 Bxc1 14. Qxc1 f5
15. exf5 Bxf5 16. Qd2 Be6 17. b3 Bxd5 18. Bxd5 Qd7 19. Rae1 Rf6 20. f4 Ne7 21.
Bc4 Raf8 22. fxe5 Rxf1+ 23. Rxf1 Rxf1+ 24. Kxf1 d5 25. Bb5 Qf5+ 1/2-1/2

[Event "Online Olym Div2 E 2021"]
[Site "chess.com INT"]
[Date "2021.09.03"]
[Round "4.1"]
[Board "2"]
[White "Noboa Silva, Kevin"]
[Black "Gallego Alcaraz, Andres Felipe"]
[Result "1/2-1/2"]
[WhiteTitle "FM"]
[BlackTitle "GM"]
[WhiteElo "2331"]
[BlackElo "2512"]
[WhiteTeam "Ecuador"]
[BlackTeam "Colombia"]
[WhiteFideId "3618471"]
[BlackFideId "4402669"]
[EventDate "2021.09.02"]
[EventType "team"]

1. d4 Nf6 2. c4 c5 3. d5 b5 4. Qc2 g6 5. e4 d6 6. cxb5 a6 7. Nc3 Bg7 8. Nf3 O-O
9. a4 e6 10. dxe6 Bxe6 11. Be2 axb5 12. Bxb5 Na6 13. O-O Nb4 14. Qe2 d5 15. exd5
Nfxd5 16. Bg5 Qc7 17. Nxd5 Bxd5 18. Rac1 Bxf3 19. Qxf3 Bxb2 20. Rcd1 Qe5 21. Bh6
Rfd8 22. Rd7 Qe6 23. Bg5 Rdc8 24. Rfd1 Bd4 25. Be3 Nc2 26. Kh1 Rab8 27. Ra7 Rd8
28. Bg5 Bf6 29. Bxf6 Qxf6 30. Rxd8+ Rxd8 31. h3 Qxf3 32. gxf3 Na3 33. Rc7 Rd5
34. Kg2 Nxb5 35. axb5 c4 36. b6 Rb5 37. b7 Kg7 38. f4 c3 39. Rxc3 Rxb7 40. Kg3 1/2-1/2

[Event "Online Olym Div2 E 2021"]
[Site "chess.com INT"]
[Date "2021.09.03"]
[Round "4.1"]
[Board "3"]
[White "Rivera, Ingris"]
[Black "Fierro Baquero, Martha L."]
[Result "1-0"]
[WhiteTitle "WIM"]
[BlackTitle "IM"]
[WhiteElo "2249"]
[BlackElo "2359"]
[WhiteTeam "Colombia"]
[BlackTeam "Ecuador"]
[WhiteFideId "4402472"]
[BlackFideId "3600270"]
[EventDate "2021.09.02"]
[EventType "team"]

1. d4 g6 2. c4 Bg7 3. Nc3 d6 4. e4 c6 5. f4 Nd7 6. Nf3 e5 7. fxe5 dxe5 8. d5
cxd5 9. cxd5 Ngf6 10. Bd3 O-O 11. O-O a6 12. a4 Rb8 13. Qe2 Nh5 14. Bc2 Re8 15.
a5 Nf4 16. Qf2 g5 17. Kh1 h6 18. Be3 Bf8 19. Nd2 Nf6 20. Bb6 Qe7 21. g3 N4h5 22.
Bd1 Bh3 23. d6 Qe6 24. Bb3 Qxd6 25. Rfd1 Be6 26. Nf3 Qb4 27. Bd5 Bxd5 28. exd5
Qg4 29. Rf1 e4 30. Nd4 e3 31. Qe2 Qh3 32. Qg2 Qd7 33. Rae1 Ng4 34. Kg1 Nf2 35.
Qf3 Ng7 36. Re2 g4 37. Qg2 Nf5 38. Nxf5 Qxf5 39. Rxe3 Rxe3 40. Bxe3 Nh3+ 41.
Qxh3 Qd3 42. Qxg4+ Bg7 43. Bxh6 Qd4+ 44. Qxd4 Bxd4+ 45. Kg2 1-0

[Event "Online Olym Div2 E 2021"]
[Site "chess.com INT"]
[Date "2021.09.03"]
[Round "4.1"]
[Board "4"]
[White "Heredia Serrano, Carla"]
[Black "Castrillon Gomez, Melissa"]
[Result "0-1"]
[WhiteTitle "WGM"]
[BlackTitle "WIM"]
[WhiteElo "2107"]
[BlackElo "2212"]
[WhiteTeam "Ecuador"]
[BlackTeam "Colombia"]
[WhiteFideId "3603687"]
[BlackFideId "4402413"]
[EventDate "2021.09.02"]
[EventType "team"]

1. e4 c5 2. Nf3 Nc6 3. Bb5 g6 4. Bxc6 bxc6 5. O-O Bg7 6. Re1 e5 7. c3 d6 8. d4
cxd4 9. cxd4 f6 10. h3 Nh6 11. Nc3 O-O 12. Qe2 Nf7 13. Be3 Qe7 14. Rac1 Bd7 15.
Red1 Kh8 16. Qd2 a6 17. dxe5 fxe5 18. Bc5 Qf6 19. Bxd6 Bh6 20. Qd3 Nxd6 21. Qxd6
Qxd6 22. Rxd6 Bxc1 23. Rxd7 Bxb2 24. Na4 Bd4 25. Nxd4 exd4 26. Rxd4 Rad8 27.
Rxd8 Rxd8 28. Nc5 Rd1+ 29. Kh2 Rd2 30. Nxa6 Rxf2 31. a4 Rc2 32. Kg3 Kg7 33. a5
c5 34. Nc7 c4 35. Kf3 Ra2 36. a6 Ra5 37. Ke3 c3 38. Nd5 c2 39. Kd2 Rxa6 40. Kxc2
Ra2+ 41. Kd3 Rxg2 42. Kd4 Rh2 43. Nf4 g5 44. Ne6+ Kf6 45. Nf8 h6 46. e5+ Kf7 47.
Nd7 Rxh3 48. Nf6 Rh1 49. Ke4 Ke6 50. Ng4 Rh4 51. Kf3 Rxg4 52. Kxg4 Kxe5 53. Kh5
Kf4 54. Kxh6 g4 0-1

[Event "Online Olym Div2 E 2021"]
[Site "chess.com INT"]
[Date "2021.09.03"]
[Round "4.1"]
[Board "5"]
[White "Cardoso Cardoso, Jose Gabriel"]
[Black "Esmeraldas Huachi, Anderson"]
[Result "1-0"]
[WhiteTitle "FM"]
[WhiteElo "2428"]
[BlackElo "1993"]
[WhiteTeam "Colombia"]
[BlackTeam "Ecuador"]
[WhiteFideId "4430492"]
[BlackFideId "3616363"]
[EventDate "2021.09.02"]
[EventType "team"]

1. Nf3 g6 2. e4 Bg7 3. d4 b6 4. Bc4 e6 5. Qe2 Bb7 6. h4 h6 7. c3 Ne7 8. e5 d5 9.
Bd3 c5 10. a3 c4 11. Bc2 b5 12. h5 g5 13. Nh2 Nd7 14. f4 gxf4 15. O-O Qb6 16.
Ng4 O-O-O 17. Rxf4 Rdf8 18. Be3 f6 19. exf6 Nxf6 20. Nxf6 Bxf6 21. Nd2 Bg7 22.
Raf1 Rfg8 23. Rf7 Kd8 24. Bf4 Bxd4+ 25. cxd4 Qxd4+ 26. Kh2 e5 27. Nf3 Qxf4+ 28.
Rxf4 exf4 29. Qe6 Bc8 30. Qd6+ Ke8 31. Re1 Rg7 32. Bg6+ 1-0

[Event "Online Olym Div2 E 2021"]
[Site "chess.com INT"]
[Date "2021.09.03"]
[Round "4.1"]
[Board "6"]
[White "Miranda Vargas, Analia Karen"]
[Black "Hernandez Bermudez, Manuela"]
[Result "1-0"]
[WhiteElo "1587"]
[BlackElo "1921"]
[WhiteTeam "Ecuador"]
[BlackTeam "Colombia"]
[WhiteFideId "3632393"]
[BlackFideId "4483103"]
[EventDate "2021.09.02"]
[EventType "team"]

1. e4 c5 2. Nf3 d6 3. c3 Nf6 4. h3 g6 5. Bc4 Bg7 6. Qe2 O-O 7. d4 cxd4 8. cxd4
d5 9. exd5 Nxd5 10. O-O Nc6 11. Rd1 a6 12. Nc3 Be6 13. Ne4 b5 14. Bb3 Na5 15.
Nc5 Nxb3 16. Nxb3 Qd6 17. Nc5 Bf5 18. Bg5 Rfe8 19. Rac1 h6 20. Bh4 Rac8 21. Bg3
Qb6 22. Ne5 h5 23. Qf3 Rcd8 24. Ne4 Rc8 25. Ng5 Bxe5 26. Qxd5 e6 27. Qxe5 1-0